[Event "NM for klubblag 2003"]
[Site "Asker, Akershus NOR"]
[Date "2003.05.31"]
[Round "4"]
[White "Fredriksen, Jan Gunnar"]
[Black "Kirkebø, Carl Peter"]
[Result "1/2-1/2"]
[WhiteElo "1763"]
[BlackElo "2051"]
[PlyCount "120"]
[EventDate "2003.05.28"]
[WhiteTeam "Akademisk 3"]
[BlackTeam "Follo"]

1. Nc3 c5 2. e4 Nc6 3. g3 g6 4. Bg2 Bg7 5. Nge2 Rb8 6. a4 e6 7. O-O Nge7 8. d3
O-O 9. Kh1 a6 10. Be3 Nd4 11. Qc1 b5 12. axb5 axb5 13. Ng1 Nec6 14. Nce2 b4 15.
Nxd4 Nxd4 16. Rb1 Ba6 17. Qd2 d6 18. Nf3 Nxf3 19. Bxf3 f5 20. Bg2 fxe4 21. Bxe4
d5 22. Bg2 d4 23. Bg5 Qd7 24. b3 Bb7 25. Bh6 Bxg2+ 26. Kxg2 Qd5+ 27. Kg1 Rf3
28. Bxg7 Kxg7 29. Rbe1 Rbf8 30. Qe2 R8f6 31. Qe4 Qg5 32. Re2 R3f4 33. Qb7+ Kh6
34. Qg2 Qg4 35. Re5 R4f5 36. Re4 Qf3 37. Qxf3 Rxf3 38. Re2 R3f5 39. Ra1 Kg5 40.
Ra6 e5 41. h4+ Kg4 42. Rxf6 Rxf6 43. Rxe5 Kf3 44. Rxc5 Ra6 45. Rc4 Ra1+ 46. Kh2
Rf1 47. Rxd4 Rxf2+ 48. Kh3 Rxc2 49. Rxb4 Rc3 50. Rf4+ Ke3 51. Kg4 Rxb3 52. Rf7
Rb4+ 53. Kg5 Rb5+ 54. Kh6 Rh5+ 55. Kg7 Kxd3 56. Kg8 Ke4 57. Rxh7 Kf3 58. Kg7
Rxh7+ 59. Kxh7 Kxg3 60. Kxg6 Kxh4 1/2-1/2

[Event "NM for klubblag 2003"]
[Site "Asker, Akershus NOR"]
[Date "2003.05.31"]
[Round "4"]
[White "Lange, Holger"]
[Black "Jensen, Morten"]
[Result "0-1"]
[WhiteElo "1834"]
[BlackElo "1743"]
[PlyCount "90"]
[EventDate "2003.05.28"]
[WhiteTeam "Follo"]
[BlackTeam "Akademisk 3"]

1. e4 c6 2. d4 d5 3. Nc3 dxe4 4. Nxe4 Nf6 5. Nxf6+ gxf6 6. Bc4 Bf5 7. Nf3 e6 8.
Be3 Qc7 9. Qd2 Nd7 10. O-O-O O-O-O 11. Nh4 Bg6 12. Nxg6 hxg6 13. h3 Nb6 14. Bb3
c5 15. Qa5 c4 16. Ba4 a6 17. c3 Rd5 18. Qxd5 Nxd5 19. Bc2 Qa5 20. Kb1 Bh6 21.
Bxh6 Rxh6 22. Rhe1 Qb5 23. Ka1 Nf4 24. Be4 Rh8 25. Re3 Rd8 26. h4 Nd5 27. Ree1
Rh8 28. g3 g5 29. Rh1 gxh4 30. gxh4 Qd7 31. h5 f5 32. Bxd5 Qxd5 33. h6 Rh7 34.
Rdg1 f4 35. Rh2 Qe4 36. a3 Kc7 37. Rgh1 f6 38. Rh3 e5 39. f3 Qg6 40. Rh4 e4 41.
fxe4 Qxe4 42. Rf1 Qg6 43. Rhxf4 Rxh6 44. Rxf6 Qxf6 45. Rxf6 Rxf6 0-1

[Event "NM for klubblag 2003"]
[Site "Asker, Akershus NOR"]
[Date "2003.05.31"]
[Round "4"]
[White "Brekke, Kjell Arne"]
[Black "Bekkelien, Glenn Lewi"]
[Result "0-1"]
[WhiteElo "1734"]
[BlackElo "1688"]
[PlyCount "78"]
[EventDate "2003.05.28"]
[WhiteTeam "Akademisk 3"]
[BlackTeam "Follo"]

1. e4 c6 2. d3 d5 3. Nd2 e5 4. Ngf3 Bd6 5. g3 Bg4 6. Bg2 Ne7 7. h3 Bh5 8. O-O
f6 9. c3 Qd7 10. b4 Na6 11. a3 Nc7 12. Bb2 Ne6 13. Rc1 Ng5 14. g4 Bf7 15. Nxg5
fxg5 16. d4 exd4 17. cxd4 Bf4 18. e5 h5 19. f3 Be6 20. Rc3 Ng6 21. Nb3 b6 22.
Qc2 Ne7 23. Bc1 O-O 24. Bxf4 Rxf4 25. a4 Rc8 26. Nc1 Rxd4 27. Nd3 Rc4 28. Rc1
Rxc3 29. Qxc3 Ng6 30. Qd2 Qe7 31. gxh5 Nh4 32. Nf2 c5 33. f4 gxf4 34. Bxd5 Kh8
35. bxc5 Rd8 36. Qxf4 Bxd5 37. cxb6 axb6 38. Rc3 Rf8 39. Qg4 Be6 0-1

[Event "NM for klubblag 2003"]
[Site "Asker, Akershus NOR"]
[Date "2003.05.31"]
[Round "4"]
[White "Lea, Per"]
[Black "Sjøl, Henrik"]
[Result "1-0"]
[WhiteElo "1669"]
[BlackElo "1706"]
[PlyCount "53"]
[EventDate "2003.05.28"]
[WhiteTeam "Follo"]
[BlackTeam "Akademisk 3"]

1. e4 c5 2. Nf3 e6 3. d4 cxd4 4. Nxd4 a6 5. c4 Nc6 6. Be2 Bc5 7. Nb3 Bb4+ 8.
Bd2 Bxd2+ 9. Qxd2 Nf6 10. Nc3 Qc7 11. f4 b6 12. e5 Ng8 13. Ne4 Nge7 14. Nd6+
Kf8 15. Rd1 Nf5 16. O-O Nxd6 17. exd6 Qa7 18. f5 e5 19. f6 Rg8 20. Bd3 Bb7 21.
Bxh7 b5+ 22. c5 Nd8 23. Bxg8 Kxg8 24. Qg5 Ne6 25. Qxe5 a5 26. fxg7 a4 27. Qh5
1-0

[Event "NM for klubblag 2003"]
[Site "Asker, Akershus NOR"]
[Date "2003.06.01"]
[Round "5"]
[White "Pedersen, Lars Erik"]
[Black "Ådnøy, Hallvard Voll"]
[Result "0-1"]
[WhiteElo "1867"]
[BlackElo "2232"]
[PlyCount "57"]
[EventDate "2003.05.28"]
[WhiteTeam "Strømmen 2"]
[BlackTeam "Follo"]

1. d4 Nf6 2. Bg5 e6 3. e4 h6 4. Bxf6 Qxf6 5. Nc3 d6 6. Qd2 Nd7 7. f4 e5 8. Nd5
Qd8 9. Nf3 c6 10. Nc3 Qf6 11. g3 g5 12. Bg2 exf4 13. e5 Qf5 14. O-O d5 15. Ne2
Be7 16. gxf4 g4 17. Ng3 Qh7 18. e6 fxe6 19. Ne5 Nxe5 20. dxe5 h5 21. Ne2 Bd7
22. b4 O-O 23. c4 dxc4 24. Rad1 Rad8 25. Qc3 b5 26. Nd4 c5 27. Nc2 Bc8 28. bxc5
Bxc5+ 29. Kh1 0-1

[Event "NM for klubblag 2003"]
[Site "Asker, Akershus NOR"]
[Date "2003.06.01"]
[Round "5"]
[White "Kirkebø, Carl Peter"]
[Black "Nilsen, Terje"]
[Result "1-0"]
[WhiteElo "2051"]
[BlackElo "1806"]
[PlyCount "101"]
[EventDate "2003.05.28"]
[WhiteTeam "Follo"]
[BlackTeam "Strømmen 2"]

1. e4 c5 2. Nf3 e6 3. d4 cxd4 4. Nxd4 a6 5. Bd3 Qc7 6. Nc3 Nc6 7. Nxc6 dxc6 8.
Be3 Nf6 9. f4 e5 10. f5 b5 11. a4 b4 12. Nb1 Bb7 13. Nd2 Be7 14. Qf3 Nd7 15.
O-O Bc5 16. Bxc5 Nxc5 17. Bc4 O-O-O 18. Qe3 Qd6 19. Bxf7 Qxd2 20. Qxc5 Qd4+ 21.
Qxd4 Rxd4 22. c3 bxc3 23. bxc3 Rxe4 24. Rfe1 c5 25. Rxe4 Bxe4 26. Be6+ Kc7 27.
Re1 Bc6 28. Rxe5 Kd6 29. Re2 Rb8 30. Kf2 Rb1 31. g4 Rc1 32. Bg8 h6 33. Re6+ Kd7
34. Rg6 Rxc3 35. Rxg7+ Ke8 36. Rg6 Bxa4 37. Rxa6 Bd1 38. f6 Rf3+ 39. Kg2 Rf4
40. h3 c4 41. Bd5 c3 42. f7+ Ke7 43. Re6+ Kd7 44. Rxh6 c2 45. Rc6 Ke7 46. Kg3
Rf1 47. g5 Bf3 48. Rc7+ Kd6 49. f8=Q+ Kxc7 50. Qc5+ Kd7 51. Qb5+ 1-0

[Event "NM for klubblag 2003"]
[Site "Asker, Akershus NOR"]
[Date "2003.06.01"]
[Round "5"]
[White "Mella, Aage"]
[Black "Bekkelien, Glenn Lewi"]
[Result "0-1"]
[WhiteElo "1756"]
[BlackElo "1688"]
[PlyCount "92"]
[EventDate "2003.05.28"]
[WhiteTeam "Strømmen 2"]
[BlackTeam "Follo"]

1. Nf3 Nf6 2. c4 g6 3. g3 Bg7 4. Bg2 O-O 5. O-O d6 6. Nc3 e5 7. d3 Nbd7 8. Bd2
Nh5 9. Qc1 f5 10. Nd5 c6 11. Bg5 Ndf6 12. Nxf6+ Nxf6 13. Rb1 Rf7 14. b4 Qf8 15.
Bxf6 Bxf6 16. b5 Bd7 17. e4 f4 18. bxc6 Bxc6 19. gxf4 exf4 20. Bh3 Re8 21. Qa3
b6 22. Kh1 Qh6 23. Bg2 Bd7 24. Rg1 Bh3 25. Qa4 Ree7 26. Qc2 Qh5 27. Bxh3 Qxh3
28. Qe2 Rg7 29. Ng5 Bxg5 30. Rxg5 Re5 31. Qg4 Qxd3 32. Rd1 Qxe4+ 33. Kg1 Rxg5
34. Qxg5 Re7 35. h4 Qe5 36. Qg4 Kg7 37. h5 Re6 38. Rd5 Qe1+ 39. Kg2 Qe4+ 40.
Kg1 Qe2 41. Qxf4 Rf6 42. Qd4 Kf7 43. Rxd6 Rxd6 44. Qxd6 Qg4+ 45. Kh2 Qxh5+ 46.
Kg1 Qg5+ 0-1

[Event "NM for klubblag 2003"]
[Site "Asker, Akershus NOR"]
[Date "2003.06.01"]
[Round "5"]
[White "Lea, Per"]
[Black "Nygaard, Eddy"]
[Result "0-1"]
[WhiteElo "1669"]
[BlackElo "1727"]
[PlyCount "88"]
[EventDate "2003.05.28"]
[WhiteTeam "Follo"]
[BlackTeam "Strømmen 2"]

1. e4 c5 2. Nf3 d6 3. d4 cxd4 4. Nxd4 Nf6 5. Nc3 a6 6. Bg5 e6 7. f4 Be7 8. Qf3
Qc7 9. O-O-O Nc6 10. h3 Bd7 11. g4 b5 12. Bg2 Rc8 13. Bxf6 gxf6 14. a3 Na5 15.
Rhe1 Nc4 16. Rd3 Qb6 17. Qe2 O-O 18. f5 Ne5 19. Rd2 Rxc3 20. bxc3 Qc5 21. Nb3
Qxa3+ 22. Kd1 Nc4 23. Rd4 Rc8 24. Qf3 e5 25. Rd3 Nb2+ 26. Kd2 Nxd3 27. Qxd3 Qb2
28. Ra1 Rc6 29. Bf1 Bf8 30. g5 fxg5 31. Qg3 Bh6 32. Bd3 Qxc3+ 33. Ke2 f6 34. h4
Be8 35. Rh1 Bh5+ 36. Kf2 g4 37. Ra1 Bf4 38. Qg1 g3+ 39. Kg2 Bf7 40. Qa7 Bxb3
41. Rxa6 Rxa6 42. Qxa6 Bf7 43. Qxb5 Qd2+ 44. Be2 Qe3 0-1

[Event "NM for klubblag 2003"]
[Site "Asker, Akershus NOR"]
[Date "2003.06.01"]
[Round "5"]
[White "Engevik, Bjarne"]
[Black "Furnes, Torstein"]
[Result "1/2-1/2"]
[WhiteElo "1628"]
[BlackElo "1470"]
[PlyCount "73"]
[EventDate "2003.05.28"]
[WhiteTeam "Strømmen 2"]
[BlackTeam "Follo"]

1. e4 c5 2. Nf3 Nc6 3. d4 cxd4 4. c3 dxc3 5. Nxc3 e5 6. Bc4 h6 7. Qd5 Qe7 8. a3
Nf6 9. Qd3 d6 10. O-O Bg4 11. Bb5 a6 12. Ba4 Qd8 13. Nd5 b5 14. Bb3 Bxf3 15.
Qxf3 Nd4 16. Nxf6+ Qxf6 17. Qxf6 gxf6 18. Bd1 Rc8 19. b4 Be7 20. Be3 Rc4 21.
Rc1 Rxc1 22. Bxc1 f5 23. exf5 Nxf5 24. Bb2 O-O 25. Bc2 Ng7 26. f4 f6 27. fxe5
fxe5 28. Bb3+ Kh8 29. Rxf8+ Bxf8 30. Bd5 Ne8 31. Kf2 Nc7 32. Bb7 Kg7 33. Ke3
Kf6 34. Ke4 Ke6 35. Bc8+ Kf6 36. Bb7 Ke6 37. Bc8+ 1/2-1/2

[Event "Lag-NM Finale 1998"]
[Site "Oslo NOR"]
[Date "1998.05.20"]
[Round "1"]
[White "Haugli, Petter"]
[Black "Fossan, Erik"]
[Result "1/2-1/2"]
[WhiteElo "2299"]
[BlackElo "2356"]
[PlyCount "82"]
[EventDate "1998.05.20"]
[WhiteTeam "Follo"]
[BlackTeam "Bergens"]

1. Nf3 c5 2. e4 Nc6 3. c3 Nf6 4. Bd3 g6 5. Bc2 Bg7 6. O-O O-O 7. Re1 d5 8. e5
Ne8 9. h3 d4 10. d3 Nc7 11. Nbd2 Ne6 12. a4 b6 13. Nc4 Rb8 14. Bd2 a6 15. a5
Nxa5 16. Nxa5 bxa5 17. cxd4 Nxd4 18. Nxd4 cxd4 19. Bb3 Qb6 20. Bc4 Qxb2 21.
Rxa5 e6 22. Ra2 Qb6 23. Bc1 Bb7 24. Ba3 Rfd8 25. Bd6 Ra8 26. Qg4 Bf8 27. Bxf8
Rxf8 28. h4 h5 29. Qg5 a5 30. Rea1 Ra7 31. Kh2 Rfa8 32. g4 Bf3 33. gxh5 Bxh5
34. Rg1 Kh7 35. Qf6 Qd8 36. Qf4 a4 37. Bb5 Qd5 38. Bc4 Qd7 39. Rb1 Ra5 40. Rb6
Qc7 41. Rd6 R8a7 1/2-1/2

[Event "Lag-NM Finale 1998"]
[Site "Oslo NOR"]
[Date "1998.05.20"]
[Round "1"]
[White "Gullaksen, Eirik"]
[Black "Semakoff, Aleks"]
[Result "1-0"]
[WhiteElo "2341"]
[BlackElo "2088"]
[PlyCount "80"]
[EventDate "1998.05.20"]
[WhiteTeam "Bergens"]
[BlackTeam "Follo"]

1. e4 d5 2. exd5 Qxd5 3. Nc3 Qa5 4. Bc4 Nf6 5. d3 Bf5 6. Nf3 e6 7. Qe2 Bb4 8.
Bd2 O-O 9. a3 Bg4 10. O-O-O Bxc3 11. Bxc3 Qf5 12. Be5 Nc6 13. d4 Nxe5 14. Qxe5
Rad8 15. Be2 Qxe5 16. dxe5 Ne4 17. h3 Bf5 18. Rhf1 Rfe8 19. g4 Bg6 20. Nh4
Rxd1+ 21. Bxd1 c6 22. Nxg6 hxg6 23. Bf3 Nc5 24. Rd1 Kf8 25. b4 Na4 26. Rd7 Re7
27. Rd8+ Re8 28. Rxe8+ Kxe8 29. h4 Nb6 30. Be2 Nd5 31. c4 Nf4 32. Bf1 Ke7 33.
Kd2 f6 34. g5 fxe5 35. Ke3 Kd6 36. Ke4 b6 37. c5+ bxc5 38. bxc5+ Kxc5 39. Kxe5
Nd5 40. Bd3 Nc7 1-0

[Event "Lag-NM Finale 1998"]
[Site "Oslo NOR"]
[Date "1998.05.20"]
[Round "1"]
[White "Ådnøy, Hallvard V"]
[Black "Gabrielsen, Stig"]
[Result "0-1"]
[WhiteElo "1924"]
[BlackElo "2313"]
[PlyCount "75"]
[EventDate "1998.05.20"]
[WhiteTeam "Follo"]
[BlackTeam "Bergens"]

1. e4 c5 2. Nf3 Nc6 3. Nc3 g6 4. d4 cxd4 5. Nxd4 Bg7 6. Be3 Nf6 7. Be2 O-O 8.
O-O d6 9. Nb3 b6 10. f4 Bb7 11. Bf3 Qb8 12. Kh1 Rd8 13. a3 e6 14. Qe1 Rd7 15.
Rd1 Qf8 16. Qh4 Re8 17. Rd2 Kh8 18. e5 Nd5 19. Bxd5 exd5 20. Nxd5 Kg8 21. c4
Ne7 22. Nxe7+ Rexe7 23. Rfd1 f6 24. exf6 Bxf6 25. Qf2 Rf7 26. Kg1 Be5 27. g3 g5
28. fxe5 Rxf2 29. Rxf2 Qe7 30. Rdf1 dxe5 31. Rf5 h6 32. Rf6 Rd3 33. Rg6+ Kh7
34. Rff6 Be4 35. Rxh6+ Kg7 36. Bxg5 Qd7 37. Re6 Rxb3 38. Re7+ 0-1

[Event "Lag-NM Finale 1998"]
[Site "Oslo NOR"]
[Date "1998.05.21"]
[Round "2"]
[White "Øgaard, Leif"]
[Black "Hagesæther, Halvard"]
[Result "0-1"]
[WhiteElo "2408"]
[BlackElo "2056"]
[PlyCount "98"]
[EventDate "1998.05.20"]
[WhiteTeam "Follo"]
[BlackTeam "Hauge"]

1. Nf3 Nf6 2. c4 Nc6 3. d4 d6 4. Nc3 e5 5. Bg5 exd4 6. Nxd4 Be7 7. e3 Bd7 8.
Be2 O-O 9. O-O Re8 10. Qc2 Ng4 11. Bf4 Bg5 12. Bxg5 Qxg5 13. Ndb5 Rac8 14. Nd5
Qd8 15. Rad1 a6 16. Nbc3 Qh4 17. Bxg4 Qxg4 18. e4 Ne5 19. f3 Qh4 20. b3 Qh6 21.
f4 Ng4 22. h3 Nf6 23. Nxf6+ Qxf6 24. e5 Qh4 25. Qf2 Qh6 26. c5 Bxh3 27. gxh3
Qxh3 28. Ne4 Re6 29. cxd6 Rg6+ 30. Ng5 h6 31. d7 Rd8 32. Qf3 Qf5 33. Qxb7 hxg5
34. Qxc7 gxf4+ 35. Kf2 Qg5 36. Rg1 Qh4+ 37. Kf3 Rxg1 38. Rxg1 Qh3+ 39. Kxf4
Rxd7 40. Qc8+ Kh7 41. Qc5 Rd3 42. Qf2 g6 43. Rg4 Kg8 44. e6 Rd5 45. exf7+ Kf8
46. Qg2 Rd4+ 47. Ke5 Qxg4 48. Qa8+ Kxf7 49. Qa7+ Rd7 0-1

[Event "Lag-NM Finale 1998"]
[Site "Oslo NOR"]
[Date "1998.05.21"]
[Round "2"]
[White "Ådnøy, Hallvard V"]
[Black "Hagesæther, Nina"]
[Result "0-1"]
[WhiteElo "1924"]
[BlackElo "2046"]
[PlyCount "88"]
[EventDate "1998.05.20"]
[WhiteTeam "Follo"]
[BlackTeam "Hauge"]

1. e4 d6 2. d4 g6 3. Nc3 Bg7 4. g3 Nd7 5. Bg2 e5 6. Nge2 Ne7 7. O-O O-O 8. f4
f5 9. dxe5 dxe5 10. fxe5 Bxe5 11. Bh6 Bg7 12. Bg5 Bf6 13. Qd2 c6 14. Kh1 Bxg5
15. Qxg5 Nc5 16. Rad1 Qc7 17. b4 Ne6 18. Qh4 Ng7 19. g4 Qe5 20. Rd3 f4 21. Nd4
g5 22. Nf3 gxh4 23. Nxe5 Ng6 24. Nxg6 hxg6 25. e5 Bxg4 26. Bh3 Bxh3 27. Rxh3 g5
28. Ne4 Rf5 29. Rg1 Ne6 30. Rxh4 Rxe5 31. Nf2 Kf7 32. Rh7+ Ng7 33. Rh3 Rae8 34.
Nd3 Rf5 35. Rf3 Re2 36. Rf2 Rxf2 37. Nxf2 Ne6 38. Ng4 Rd5 39. h3 Rd2 40. Rg2
Rd1+ 41. Rg1 Rxg1+ 42. Kxg1 Nd4 43. Ne5+ Ke6 44. Nd3 Kd5 0-1

[Event "Lag-NM Finale 1998"]
[Site "Oslo NOR"]
[Date "1998.05.21"]
[Round "2"]
[White "Gaasland, Glenn"]
[Black "Lilleskog, Torgeir"]
[Result "0-1"]
[WhiteElo "1900"]
[BlackElo "1939"]
[PlyCount "79"]
[EventDate "1998.05.20"]
[WhiteTeam "Follo"]
[BlackTeam "Hauge"]

1. d4 Nf6 2. c4 g6 3. Nc3 Bg7 4. e4 d6 5. Nf3 O-O 6. Be2 e5 7. O-O Nc6 8. d5
Ne7 9. b4 a5 10. bxa5 Rxa5 11. Nd2 Nd7 12. a4 f5 13. Bf3 Kh8 14. g3 Ng8 15. Nb5
Nc5 16. Bb2 Nf6 17. Bc3 Ra8 18. Re1 c6 19. dxc6 bxc6 20. exf5 e4 21. Bxf6 Qxf6
22. Nxe4 Nxe4 23. Bxe4 d5 24. cxd5 cxb5 25. d6 Ra7 26. Rc1 bxa4 27. Bc6 Bxf5
28. d7 a3 29. Re8 Bxd7 30. Rxf8+ Qxf8 31. Bxd7 Ra8 32. Bc6 Ra7 33. Bd5 a2 34.
Bxa2 Rxa2 35. Rc2 Ra1 36. Rc1 Qa8 37. Rxa1 Qxa1 38. Qxa1 Bxa1 39. f4 Kg7 40.
Kf2 0-1

[Event "Lag-NM Finale 1998"]
[Site "Oslo NOR"]
[Date "1998.05.21"]
[Round "2"]
[White "Hagesæther, Arne"]
[Black "Sondresen, Per"]
[Result "1-0"]
[WhiteElo "1874"]
[BlackElo "1771"]
[PlyCount "61"]
[EventDate "1998.05.20"]
[WhiteTeam "Hauge"]
[BlackTeam "Follo"]

1. e4 c5 2. Nf3 d6 3. c3 a6 4. Be2 Qc7 5. O-O Nf6 6. Re1 Bd7 7. d3 Bc6 8. Bg5
Nbd7 9. Nbd2 h6 10. Be3 g5 11. h3 b5 12. Rc1 g4 13. hxg4 Nxg4 14. Bf4 e5 15.
Bg3 h5 16. Nh4 Ndf6 17. Bf3 Bh6 18. Nf5 Bg5 19. d4 O-O-O 20. Bh4 Bxh4 21. Nxh4
Bd7 22. a4 c4 23. b3 exd4 24. cxd4 d5 25. e5 Be6 26. axb5 axb5 27. Qc2 Rd7 28.
Ra1 Kb8 29. bxc4 Ne4 30. Nxe4 dxe4 31. Bxe4 1-0

[Event "Lag-NM Finale 1998"]
[Site "Oslo NOR"]
[Date "1998.05.21"]
[Round "3"]
[White "Lie, Kjetil A"]
[Black "Øgaard, Leif"]
[Result "1-0"]
[WhiteElo "2093"]
[BlackElo "2408"]
[PlyCount "69"]
[EventDate "1998.05.20"]
[WhiteTeam "Porsgrunn"]
[BlackTeam "Follo"]

1. e4 c5 2. d4 cxd4 3. c3 dxc3 4. Nxc3 Nc6 5. Nf3 d6 6. Bc4 e6 7. O-O Nf6 8.
Qe2 Be7 9. Rd1 e5 10. h3 O-O 11. Be3 Be6 12. Bxe6 fxe6 13. Rac1 Rc8 14. b4 a6
15. a4 Nd7 16. b5 Nb4 17. Qb2 a5 18. Qb3 Rf6 19. Na2 Nxa2 20. Qxa2 Rb8 21. Ng5
Nf8 22. Qc4 Qe8 23. Qc7 Ng6 24. Nf3 Rxf3 25. gxf3 Nh4 26. Kf1 Qf8 27. Qd7 Qf6
28. Rc7 Bf8 29. Rc8 Rxc8 30. Qxc8 Nxf3 31. Rxd6 Qf7 32. Rd7 Qg6 33. Rd8 Nh2+
34. Ke2 Qf7 35. Rxf8+ 1-0

[Event "Lag-NM Finale 1998"]
[Site "Oslo NOR"]
[Date "1998.05.21"]
[Round "3"]
[White "Leer-Salvesen, Bjarte"]
[Black "Semakoff, Aleks"]
[Result "1-0"]
[WhiteElo "2158"]
[BlackElo "2088"]
[PlyCount "86"]
[EventDate "1998.05.20"]
[WhiteTeam "Porsgrunn"]
[BlackTeam "Follo"]

1. c4 e6 2. Nf3 d5 3. cxd5 exd5 4. g3 Nf6 5. Bg2 Bd6 6. O-O O-O 7. Nc3 Re8 8.
d3 c6 9. Re1 Bg4 10. e4 Nbd7 11. Qc2 Bb4 12. a3 Ba5 13. b4 Bb6 14. Bf4 Bxf3 15.
Bxf3 Ne5 16. Bxe5 Rxe5 17. exd5 Rf5 18. Kg2 cxd5 19. d4 Qd7 20. Qd3 Re8 21.
Rad1 h5 22. Re5 Rfxe5 23. dxe5 Ng4 24. Nxd5 Rd8 25. Qe2 Qe6 26. Nxb6 Rxd1 27.
Qxd1 axb6 28. Qd8+ Kh7 29. Qd5 Qxd5 30. Bxd5 Nxe5 31. Bxb7 Nc4 32. a4 Kg6 33.
Bd5 Nd6 34. a5 bxa5 35. bxa5 Kf6 36. a6 Nb5 37. f4 Ke7 38. Bc4 Na7 39. Kf3 f6
40. Ke4 g6 41. Be2 Kd6 42. f5 g5 43. Bxh5 Kc6 1-0

[Event "Lag-NM Finale 1998"]
[Site "Oslo NOR"]
[Date "1998.05.21"]
[Round "3"]
[White "Ådnøy, Hallvard V"]
[Black "Heikkilä, Antti"]
[Result "1-0"]
[WhiteElo "1924"]
[BlackElo "2003"]
[PlyCount "91"]
[EventDate "1998.05.20"]
[WhiteTeam "Follo"]
[BlackTeam "Porsgrunn"]

1. e4 c5 2. Nf3 g6 3. g3 Bg7 4. Bg2 Nc6 5. d3 Nf6 6. O-O O-O 7. Nbd2 d5 8. Re1
e5 9. c3 Re8 10. a3 Rb8 11. b4 cxb4 12. axb4 dxe4 13. dxe4 a6 14. Qc2 Qc7 15.
Qb1 Be6 16. Ng5 Bd7 17. Bf1 h6 18. Ngf3 Rbd8 19. Nc4 Bg4 20. Nfd2 Na7 21. Bb2
b5 22. Rxa6 bxc4 23. Nxc4 Nc8 24. b5 Nd7 25. Rc6 Qb8 26. Ne3 Be6 27. c4 Na7 28.
Ra6 Nc5 29. Ra2 Nc8 30. Ba3 Bf8 31. Qc2 Nb6 32. Bb4 Rd4 33. Bc3 Nxe4 34. Bxd4
Ng5 35. Bc3 Nf3+ 36. Kh1 Nxe1 37. Bxe1 Bc5 38. Bd2 Rd8 39. Ng2 Qd6 40. Be2 Bf5
41. Qc1 g5 42. h4 Bxf2 43. hxg5 Qe6 44. Kh2 hxg5 45. Bxg5 Qg6 46. Nh4 1-0

[Event "Lag-NM Finale 1998"]
[Site "Oslo NOR"]
[Date "1998.05.21"]
[Round "3"]
[White "Gaasland, Glenn"]
[Black "Lie, Espen"]
[Result "1-0"]
[WhiteElo "1900"]
[BlackElo "1808"]
[PlyCount "101"]
[EventDate "1998.05.20"]
[WhiteTeam "Follo"]
[BlackTeam "Porsgrunn"]

1. e4 e5 2. Nf3 Nc6 3. Bb5 a6 4. Ba4 Nf6 5. O-O d6 6. Re1 b5 7. Bb3 Be7 8. h3
O-O 9. c3 Na5 10. Bc2 c5 11. d4 cxd4 12. cxd4 Nd7 13. Nbd2 Bf6 14. Nf1 Nc6 15.
d5 Ne7 16. Ne3 Nb6 17. Bd3 g6 18. Bd2 Bd7 19. b3 Bg7 20. g4 f5 21. gxf5 gxf5
22. Kh2 f4 23. Nc2 Rf6 24. Rg1 Rh6 25. Ng5 Ng6 26. Ba5 Qc8 27. Bf1 Qc5 28. Qd2
Bf6 29. Rc1 Rc8 30. Ne6 Bxe6 31. dxe6 Bh4 32. Kg2 Kh8 33. Bd3 f3+ 34. Kh1 Nf4
35. Bf1 Qxf2 36. Qxd6 Bf6 37. Ne3 Ra8 38. Qc6 Ng2 39. Qxa8+ Nxa8 40. Rc8+ Kg7
41. Nf5+ Kg6 42. Bxg2 Kh5 43. Be1 fxg2+ 44. Kh2 Qf4+ 45. Ng3+ Kg5 46. Rxg2 Kh4
47. Bd2 Bg5 48. Bxf4 Bxf4 49. e7 Nc7 50. Rxc7 Re6 51. e8=Q 1-0

[Event "Lag-NM Finale 1998"]
[Site "Oslo NOR"]
[Date "1998.05.22"]
[Round "4"]
[White "Haugli, Petter"]
[Black "Madsen, Dag"]
[Result "0-1"]
[WhiteElo "2299"]
[BlackElo "2182"]
[PlyCount "88"]
[EventDate "1998.05.20"]
[WhiteTeam "Follo"]
[BlackTeam "Trondheim"]

1. d4 d5 2. Bg5 Bf5 3. e3 c6 4. Nd2 Nd7 5. Ngf3 h6 6. Bh4 Qb6 7. b3 e6 8. Be2
Ngf6 9. O-O Ba3 10. Bd3 Bxd3 11. cxd3 a5 12. Qe2 O-O 13. Rab1 Bb4 14. Ne5 Nxe5
15. dxe5 Nd7 16. f4 Qa6 17. Nf3 Rfe8 18. Rf2 Nc5 19. Rd1 a4 20. g4 axb3 21.
axb3 Nd7 22. g5 h5 23. g6 fxg6 24. Rg2 Nf8 25. Kh1 Qb6 26. Rdg1 Ra3 27. Nd4 Qc7
28. Bf6 Rea8 29. Nc2 Ra2 30. Qf3 Rxc2 31. Rxc2 gxf6 32. exf6 Qf7 33. Qxh5 Qxf6
34. d4 Ra1 35. Rcg2 Rxg1+ 36. Kxg1 c5 37. Qf3 cxd4 38. exd4 Qxd4+ 39. Kh1 Bc5
40. h4 Qa1+ 41. Kh2 Qf6 42. Rg4 Bd6 43. Kg2 Qf5 44. Kg3 Nh7 0-1

[Event "Lag-NM Finale 1998"]
[Site "Oslo NOR"]
[Date "1998.05.22"]
[Round "4"]
[White "Ulrichsen, Jarl H"]
[Black "Semakoff, Aleks"]
[Result "1/2-1/2"]
[WhiteElo "2102"]
[BlackElo "2088"]
[PlyCount "36"]
[EventDate "1998.05.20"]
[WhiteTeam "Trondheim"]
[BlackTeam "Follo"]

1. c4 e6 2. d4 d5 3. Nc3 c5 4. e3 Nf6 5. Nf3 Nc6 6. Be2 dxc4 7. Bxc4 Be7 8. O-O
O-O 9. a3 cxd4 10. exd4 a6 11. Be3 b5 12. Ba2 Bb7 13. Rc1 Rc8 14. Qe2 b4 15.
axb4 Nxb4 16. Bb1 Qa5 17. Ne5 Nbd5 18. Nxd5 Qxd5 1/2-1/2

[Event "Lag-NM Finale 1998"]
[Site "Oslo NOR"]
[Date "1998.05.22"]
[Round "4"]
[White "Solem, Trond"]
[Black "Kolås, Tore"]
[Result "1-0"]
[WhiteElo "2069"]
[BlackElo "2091"]
[PlyCount "73"]
[EventDate "1998.05.20"]
[WhiteTeam "Follo"]
[BlackTeam "Trondheim"]

1. d4 Nf6 2. c4 g6 3. Nc3 d5 4. cxd5 Nxd5 5. Nf3 Bg7 6. Qb3 Nb6 7. e4 O-O 8.
Bg5 Bg4 9. d5 Bxf3 10. gxf3 N8d7 11. Rd1 a5 12. Nb5 a4 13. Qa3 f6 14. Bf4 f5
15. Bxc7 Qc8 16. Qe3 fxe4 17. fxe4 Bxb2 18. Bh3 Ra5 19. Be6+ Kg7 20. Bxb6 Rxb5
21. Bd4+ Bxd4 22. Qxd4+ Kh6 23. O-O Rf3 24. Kg2 Rf6 25. Qxa4 Rxe6 26. dxe6 Rg5+
27. Kh1 Nc5 28. Qc4 b5 29. Qc1 Qxe6 30. f3 Nxe4 31. Qc2 Nf6 32. Qf2 Qh3 33. Rg1
Rf5 34. Rg3 Qh5 35. Qe3+ g5 36. Kg2 e5 37. Rh3 1-0

[Event "Lag-NM Finale 1998"]
[Site "Oslo NOR"]
[Date "1998.05.22"]
[Round "4"]
[White "Reite, Jarle"]
[Black "Ådnøy, Hallvard V"]
[Result "1/2-1/2"]
[WhiteElo "2132"]
[BlackElo "1924"]
[PlyCount "64"]
[EventDate "1998.05.20"]
[WhiteTeam "Trondheim"]
[BlackTeam "Follo"]

1. e4 e5 2. d3 Bc5 3. Nf3 Nc6 4. c3 Nf6 5. b4 Bb6 6. b5 Na5 7. Nxe5 O-O 8. Nf3
Ng4 9. d4 f5 10. e5 Qe8 11. Be2 f4 12. h3 Nh6 13. O-O d5 14. Nbd2 c6 15. a4 Bd7
16. Re1 Qg6 17. Kh2 Bf5 18. Ba3 Rf7 19. Bb4 Qe6 20. Bxa5 Bxa5 21. Ng5 Qe7 22.
Nxf7 Nxf7 23. Rc1 Ng5 24. bxc6 bxc6 25. Nb3 Ne4 26. Nxa5 Nxf2 27. Qd2 Qh4 28.
Rf1 Qg3+ 29. Kg1 Nxh3+ 30. Kh1 Qh4 31. Kh2 Qg3+ 32. Kh1 Qh4 1/2-1/2

[Event "Lag-NM Finale 1998"]
[Site "Oslo NOR"]
[Date "1998.05.22"]
[Round "4"]
[White "Evensen, Tom Richard"]
[Black "Sondresen, Per"]
[Result "1/2-1/2"]
[WhiteElo "1853"]
[BlackElo "1771"]
[PlyCount "96"]
[EventDate "1998.05.20"]
[WhiteTeam "Trondheim"]
[BlackTeam "Follo"]

1. d4 d5 2. c4 e6 3. Nc3 Nf6 4. Bg5 Be7 5. Nf3 O-O 6. e3 b6 7. cxd5 exd5 8. Qc2
Nbd7 9. Bd3 Bb7 10. O-O c5 11. Rfe1 h6 12. Bh4 Re8 13. Rad1 a6 14. a4 Nf8 15.
Ne5 Rc8 16. Qe2 cxd4 17. exd4 Ra8 18. Rc1 Ne6 19. Qe3 Bb4 20. Red1 Rc8 21. Bf5
Qe7 22. Kh1 Rc7 23. f4 Rec8 24. Ne2 Rxc1 25. Rxc1 Rxc1+ 26. Qxc1 Qe8 27. Bxe6
Qxe6 28. Qc7 Bc8 29. Nc1 Ne8 30. Qc6 Bd2 31. Ncd3 f6 32. Qxe6+ Bxe6 33. Nf3 Be3
34. Bf2 Bxf2 35. Nxf2 Bd7 36. b3 Bf5 37. g4 Bc2 38. Nd2 Nc7 39. f5 Kf7 40. Kg2
b5 41. a5 b4 42. Kf3 Nb5 43. Ke3 Nd6 44. Nh3 Nb7 45. Nf4 Nxa5 46. Nxd5 Nc6 47.
Nb6 Ke7 48. Na4 Kd8 1/2-1/2